书目信息 |
| 题名: |
中外文化之谜 中卷
|
|
| 作者: | 施宣圆 , 李春元 主编 | |
| 分册: | ||
| 出版信息: | 上海 文汇出版社 2000.03 |
|
| 页数: | 3册 | |
| 开本: | 32开 | |
| 丛书名: | ||
| 单 册: | ||
| 中图分类: | G11-49 | |
| 科图分类: | ||
| 主题词: | 文化事业--世界 | |
| 电子资源: | ||
| ISBN: | 7-80531-711-9 | |
| 000 | 00615nam0 2200205 45 | |
| 001 | 0010020143 | |
| 005 | 20001117070459.8 | |
| 010 | @a7-80531-711-9@d26.00元 | |
| 100 | @a20001002d2000 km y0chiy0120 ea | |
| 101 | 0 | @achi |
| 105 | @a z 000yy | |
| 200 | 1 | @a中外文化之谜 中卷@AZhong Wai Wen Hua Zhi Mi Zhong Juan@f施宣圆,李春元主编@FShi Xuan Yuan,Li Chun Yuan Zhu Bian |
| 210 | @a上海@c文汇出版社@d2000.03 | |
| 215 | @a3册@d32开 | |
| 606 | 0 | @a文化事业@x世界 |
| 690 | @aG11-49@v3 | |
| 701 | 0 | @a施宣圆@4主编 |
| 701 | 0 | @a李春元@4主编 |
| 801 | @aCN@bPftUser@c20001002 | |
| 905 | @b411406-408@dG11-49@eSH928:2@f3 | |
| 中外文化之谜 中卷/施宣圆,李春元主编.-上海:文汇出版社,2000.03 |
| 3册;32开 |
| ISBN 7-80531-711-9:26.00元 |
| ● |
| 相关链接 |
|
|
|
正题名:中外文化之谜中卷
索取号:G11-49/SH928:2
 
预约/预借
| 序号 | 登录号 | 条形码 | 馆藏地/架位号 | 状态 | 备注 |
| 1 | 411406 | 204114065 | 社科二线422/422社科库 9排1列2层/ [索取号:G11-49/SH928:2] | 在馆 | |
| 2 | 411407 | 204114074 | 社科库409/400B社科库 1排3列6层/ [索取号:G11-49/SH928:2] | 在馆 | |
| 3 | 411408 | 204114083 | 社科库409/409社科库 55排7列2层/ [索取号:G11-49/SH928:2] | 在馆 |